| 000 | 00724nam a22002297b 4500 | ||
|---|---|---|---|
| 003 | 3228 | ||
| 005 | 20250922103140.0 | ||
| 008 | 250922b sa ||||| |||| 00| 1 AFR d | ||
| 020 | _a0796800669 (hardback) | ||
| 040 |
_aMPL _beng _c2000 _erda |
||
| 041 | _aAfrikaans | ||
| 082 | 0 | _aAF STRY | |
| 100 |
_9105498 _aStrydom, M. _eauthor |
||
| 245 |
_aDie jongste spruit / _cM. Strydom |
||
| 260 |
_aRandburg : _bOns Eie Boekklub , _c©1980. |
||
| 300 |
_a155 pages : _bjacket ; _c21 cm |
||
| 490 |
_aDie Nege Susters _vboek 9 |
||
| 500 | _a'Die jonste spruit' is die laaste boek in die bekende reeks, Die Nege Susters. | ||
| 655 | 0 |
_9189056 _aAfrikaans Fiction |
|
| 655 | 0 |
_9188670 _aHuman Relations Fiction |
|
| 942 |
_2ddc _cBK _w296 _xPhillipina Naude _y296 _zPhillipina Naude |
||
| 999 |
_c786244 _d786243 |
||